000 00481nam a22002177a 4500
003 UA-OsUOA
001 122808
007 ta
008 20170522b un ||||| |||| 00| 0 ukr d
100 _aБарчук М.
090 _a81
_bБ26
942 _cSA
040 _aUA-OsUOA
_bukr
_cUA-OsUOA
_dUA-OsUOA
245 _aПро мовну психотравму і гетто
300 _aС.4
955 _a0
041 _aukr
080 _a81
773 0 _w122807
650 7 _2UDC
999 _c409749
_d409749